| 000 | 01248cam a22003734i 4500 | ||
|---|---|---|---|
| 003 | PE-LiUPU | ||
| 005 | 20250731184115.0 | ||
| 008 | 150616s r 000 0 d | ||
| 020 | _a842200819X | ||
| 035 | _a(Sirsi) i9788422008194 | ||
| 040 |
_aPE-LiUPU _bspa _cPE-LiUPU _erda |
||
| 049 | _aPRUA | ||
| 082 | 0 | 4 |
_a800.3 _bS129d _223 |
| 100 | 1 | 0 |
_aSagredo, José, _eautor. _93258 |
| 245 | 1 | 0 |
_aDiccionarios Rioduero: _bLiteratura I / _cVersión y adaptación por José Sagredo. |
| 264 | 1 |
_aMadrid : _bEdiciones Rioduero, _c1973. |
|
| 300 |
_a298 páginas : _bilustraciones, fotos, dibujos ; _c20 centímetros. |
||
| 336 |
_atext _2rdacontent |
||
| 337 |
_aunmediated _2rdamedia |
||
| 338 |
_avolume _2rdacarrier |
||
| 504 | _aIncluye bibliografía. | ||
| 505 | 0 | _aDiccionarios Rioduero de Literatura I (A-Z). | |
| 526 | _aP145 | ||
| 526 | _aP127 | ||
| 526 | _aP97 | ||
| 526 | _aP14 | ||
| 526 | _aP07 | ||
| 650 | 1 | 4 |
_aLiteratura _vDiccionarios. _93259 |
| 910 | _ajck | ||
| 942 |
_2ddc _cBK _n0 |
||
| 949 |
_a800.3 S16 _wDEWEY _c1 _i21467 _lCCODEBUL1 _mBUL _r0 _sY _tBOOK _u2015-6-16 _xEDUCACION _0COMPRA _o.STAFF. Colección General |
||
| 980 |
_81 _gALBERTO SANCHEZ Responsable de Automatización |
||
| 999 |
_c51886 _d51886 |
||